| 000 | 01729nam0a22003371 4500 | ||
|---|---|---|---|
| 001 | rc\3147401 | ||
| 005 | 20120615102426.6 | ||
| 021 |
_aRU _b75-48786 |
||
| 021 |
_aRU _bРг9717-75 |
||
| 035 | _a(NLR Aleph) 007294608 | ||
| 090 |
_a5646116 _c5646116 |
||
| 100 | _a20120615d1975 |||a0rusy50 ca | ||
| 101 | 0 | _arus | |
| 102 | _aRU | ||
| 105 | _ay z ||||| | ||
| 200 | 1 |
_aО выполнении предприятиями и организациями Министерства нефтяной промышленности социалистических обязательств на 1974 г. и итогах Всесоюзного социалистического соревнования за четвертый квартал 1974 г. _fМ-во нефт. пром-сти. ВНИИ организации, упр. и экономики нефтегаз. пром-сти |
|
| 210 |
_aМосква _cБ. и. _d[1975] |
||
| 215 |
_a17 с. _d20 |
||
| 225 | 1 |
_aЭкспресс-информация _iНефтепромысловое дело _eПередовой производственный опыт |
|
| 300 | _aОписано по 1-й с. | ||
| 300 | _aВ вып. дан.: авт. В.И. Сопин, Л.Р. Курилкин, Р.С. Горшкова [и др.] | ||
| 300 | _aНа обл. только загл. серии | ||
| 701 | 1 |
_aКурилкин _bЛ. Р. |
|
| 701 | 1 |
_aГоршкова _bР. С. |
|
| 701 | 1 |
_aСопин _bВ. И. _gВсеволод Иванович |
|
| 710 | 0 | 1 |
_aСССР _bМинистерство нефтяной промышленности _3RU\NLR\AUTH\8810062782 |
| 801 | 0 |
_aRU _bNLR _gpsbo |
|
| 801 | 1 |
_aRU _bELAR _2rusmarc |
|
| 852 |
_aNLR _j75-4/8443 |
||
| 942 | _cBOOK | ||
| 980 | _aNB | ||